000 01005nam a2200265Ia 4500
003 OSt
005 20220918110939.0
006 a|||||r|||| 00| 0
007 ta
008 220915b |||||||| |||| 00| 0 hin d
020 _c3900
024 _a271779
037 _b274, 16/12/2011, Vani Prakashan
_cReference Collections
040 _aARTS
_cARTS
_bhin
041 _2hin
_ahin
082 _aO152,1M96:g, K9;N0.1-.3(RR)
100 _aशर्मा, रामविलास
_91722
245 0 _aनिराला की साहित्य साधना
246 _aNirālā kī sāhitya sādhanā
260 _aनई दिल्ली
_bराजकमल प्रकाशन भारत
_c1990
490 _vभाग 1
650 _aहिन्दी साहित्य
942 _hO152,1M96:g, K9;N0.1-.3(RR)
_cREF
999 _c115917
_d115917